000 00317nam a2200121Ia 4500
008 220204s9999 xx 000 0 und d
082 _a621.311:33
_bKHA
100 _aH
245 0 _aEconomics of reliability in electrical power systems
260 _aLondon
_bTechnicopy
_c1978
650 _aPower systems
942 _cBK
999 _c31988
_d31988